Effectiveness of Rediscounting Policy in Banking Institutions/ (Record no. 77947)

MARC details
000 -LEADER
fixed length control field 01592nam a22002657a 4500
003 - CONTROL NUMBER IDENTIFIER
control field URS
005 - DATE AND TIME OF LATEST TRANSACTION
control field 20240416181809.0
008 - FIXED-LENGTH DATA ELEMENTS--GENERAL INFORMATION
fixed length control field 240308b |||||||| |||| 00| 0 eng d
050 00 - LIBRARY OF CONGRESS CALL NUMBER
Classification number LG 221.R59
Item number Al252 2015
100 1# - MAIN ENTRY--PERSONAL NAME
Personal name Alejandro, Jacqueline A.
Relator term Researcher
245 ## - TITLE STATEMENT
Title Effectiveness of Rediscounting Policy in Banking Institutions/
Statement of responsibility, etc. Aquias, Marco F. [and] Mangaring, Venus M.
260 #1 - PUBLICATION, DISTRIBUTION, ETC.
Date of publication, distribution, etc. 2015
300 ## - PHYSICAL DESCRIPTION
Extent x, 71 leaves
Other physical details illustrations
Dimensions 28 cm
336 ## - CONTENT TYPE
Source rdacontent
Content type term text
337 ## - MEDIA TYPE
Source rdamedia
Media type term unmediated
338 ## - CARRIER TYPE
Source rdacarrier
Carrier type term volume
502 ## - DISSERTATION NOTE
Dissertation note Undergraduate Thesis
Degree type Bachelor of Science in Business Administration Major in Financial Management
Name of granting institution University of Rizal System, Rodriguez, Rizal
Year degree granted 2015
520 ## - SUMMARY, ETC.
Summary, etc. The aim of this study is to know the level of effectiveness of rediscounting policy on banking institutions. The subject of the study was the different banks operating in Marikina City, San Mateo and Montalban that encountered or experienced the rediscounting policy implemented by the BangkoSentral ng Pilipinas. The study was conducted during the School Year 2015 to 2016 The study employed the descriptive research design to assess the level of effectiveness of rediscounting policy of banking institutions
650 ## - SUBJECT ADDED ENTRY--TOPICAL TERM
Source of heading or term Knowing the Effectiveness of Rediscounting Policy in Banking Institutions
700 ## - ADDED ENTRY--PERSONAL NAME
Personal name Aquias, Marco F.
Relator term Researcher
700 ## - ADDED ENTRY--PERSONAL NAME
Personal name Mangaring, Venus M.
Relator term Researcher
700 ## - ADDED ENTRY--PERSONAL NAME
Personal name Mercado, Jennelyn G.
Relator term Adviser
856 ## - ELECTRONIC LOCATION AND ACCESS
Materials specified Online Request for Student Unpublished Works
Uniform Resource Identifier <a href="https://forms.gle/7LqvGGkaDrUQqz429">https://forms.gle/7LqvGGkaDrUQqz429</a>
942 ## - ADDED ENTRY ELEMENTS (KOHA)
Source of classification or shelving scheme Library of Congress Classification
Koha item type Theses and dissertations

No items available.

University of Rizal System
Email us at univlibservices@urs.edu.ph

Visit our Website www.urs.edu.ph/library